| 000 | 00439nam a2200169Ia 4500 | ||
|---|---|---|---|
| 008 | 121106t1963 xxu||||| |||| 00| 0 sin d | ||
| 041 | _asin | ||
| 080 |
_a8S1 _bSEK |
||
| 100 | _aMahagama Sekara | ||
| 245 | _aහෙට ඉරක් පායයි | ||
| 246 | _aHeta Irak Payai | ||
| 260 |
_bSarasavi Prakashakayo _aGampaha _c1963 |
||
| 300 | _b72p., 18 cm | ||
| 942 | _cBK | ||
| 999 |
_c77198 _d77198 |
||
| 003 | LK-CoDNM | ||
| 040 |
_aLK-CoDNM _dLK-CoDNM _eLK-CoDNM |
||